00710nam a2200241 a 4500001001300000003000900013005001700022008004100039020002300080082001500103100001500118245004300133260003400176300000900210500003500219505001000254650003100264700001500295902000800310942000700318952012800325999001500453nice12345678IN_TiNIC20260116012310.0050524s1991 newa grp 000 0 eng  a8170952 c12500a320.5bBAR aBarua, B P aEminent Thinkers in India and Pakistan aNew DelhibLancers Bookc1991 a110p aincludes index and biblioraphy2 aIndex aPolitics-Ideologies-Indian1 aBarua, B P bSRS cBK 001040708StackRoom-aHMIbHMId2007-04-05g125.00l1o320.5 BARp014166r2019-04-22s2019-04-18v125.00w2005-05-24yBK c6447d6447